000 00921pam a2200289 a 4500
999 _c48011
_d48011
001 2942459
005 20190913152456.0
008 901001s1991 oru b 001 0 eng
010 _a 90020207
020 _z0880704236 :
_c$8.95
040 _aDLC
_cDLC
_dDLC
100 1 _aBadke, William B.,
_d1949-
245 1 0 _aProject earth :
_bpreserving the world God created /
_cWilliam B. Badke.
260 _aPortland, Or. :
_bMultnomah Press,
_cc1991.
300 _a166 p. ;
_c21 cm.
336 _atext
337 _aunmediated
338 _avolume
490 1 _aA critical concern book
504 _aIncludes bibliographical references and indexes.
650 0 _aHuman ecology
_xReligious aspects
_xChristianity.
650 0 _aNature
_xReligious aspects
_xChristianity.
651 0 _aEarth (Planet)
830 0 _aCritical concern series
906 _a7
_bcbc
_corignew
_d1
_eocip
_f19
_gy-gencatlg
942 _2lcc
_cBK